|
|
|
|
| LEADER |
00000nam a2200000 4500 |
| 005 |
20240718154411.0 |
| 008 |
230413b2014 a|||| |||| 00| | spa d |
| 020 |
|
|
|a 9789586800747
|
| 090 |
|
|
|a 06.02.01
|
| 100 |
|
|
|9 4857
|a Camacho Amparo
|
| 245 |
1 |
0 |
|a Dime cómo enseñas y te diré que tanto aprenden los estudiantes: Los resultados de evaluación y las prácticas de aula en algunas facultades de ingeniería en Colombia /
|c Amparo Camacho, Jorge Celis, Adolfo León Arenas, Mauricio Duque
|
| 260 |
|
|
|a Colombia :
|b Asociación Colombiana de Facultades de Ingeniería - ACOFI,
|c 2014
|
| 300 |
|
|
|a 152 páginas;
|b ilustraciones; 1 recurso en línea; PDF
|
| 650 |
1 |
4 |
|9 498
|a FORMACIÓN PROFESIONAL
|
| 650 |
1 |
4 |
|9 11
|a CALIDAD DE LA EDUCACIÓN
|
| 650 |
1 |
4 |
|9 2487
|a COMPETENCIAS DEL DOCENTE
|
| 650 |
1 |
4 |
|9 8
|a EDUCACIÓN SUPERIOR
|
| 700 |
|
|
|9 4858
|a Celis, Jorge
|
| 700 |
|
|
|9 4859
|a León Arenas, Adolfo
|
| 700 |
|
|
|9 4861
|a Duque, Mauricio
|
| 856 |
|
|
|u https://uir.inie.ucr.ac.cr/cgi-bin/koha/opac-retrieve-file.pl?id=b64eebe67819f2a6115e9c73b6a6d0ce
|
| 942 |
|
|
|i PDF0024
|h 06.02.01
|2 z
|c 08
|h 06.02.01
|6 060201_PDF0024
|
| 999 |
|
|
|c 4011
|d 4011
|